| 000 -LEADER | |
|---|---|
| fixed length control field | 00424nam a22001697a 4500 |
| 005 - DATE AND TIME OF LATEST TRANSACTION | |
| control field | 20240831115212.0 |
| 008 - FIXED-LENGTH DATA ELEMENTS--GENERAL INFORMATION | |
| fixed length control field | 240831b |||||||| |||| 00| 0 eng d |
| 020 ## - INTERNATIONAL STANDARD BOOK NUMBER | |
| ISBN | 2017118033769 |
| 041 ## - LANGUAGE CODE | |
| Language code of text/sound track or separate title | eng |
| 082 ## - DEWEY DECIMAL CLASSIFICATION NUMBER | |
| Classification number | 347.090 |
| 100 ## - MAIN ENTRY--AUTHOR NAME | |
| Personal name | BARE ACT |
| 245 ## - TITLE STATEMENT | |
| Title | THE BHARATIYA SAKSHYA ADHINIYAM, 2023 [47 OF 2023] |
| 260 ## - PUBLICATION, DISTRIBUTION, ETC. (IMPRINT) | |
| Place of publication | NEW DELHI |
| Name of publisher | PROFESSIONAL BOOK PUBLISHERS |
| Year of publication | 2024 |
| 300 ## - PHYSICAL DESCRIPTION | |
| Number of Pages | 92;P |
| 650 ## - SUBJECT ADDED ENTRY--TOPICAL TERM | |
| Topical Term | LAW |
| 942 ## - ADDED ENTRY ELEMENTS (KOHA) | |
| Koha item type | Books |
| Lost status | Damaged status | Collection code | Home library | Current library | Shelving location | Date acquired | Source of acquisition | Cost, normal purchase price | Full call number | Accession Number | Koha item type |
|---|---|---|---|---|---|---|---|---|---|---|---|
| Reference | JRU Library | JRU Library | SHELF-1-C | 30/08/2024 | PURCHASE | 130.00 | 347.090 | 28328 | Books | ||
| LAW | JRU Library | JRU Library | SHELF- 66 C | 30/08/2024 | PURCHASE | 130.00 | 347.090 | 28329 | Books | ||
| LAW | JRU Library | JRU Library | SHELF- 66 C | 30/08/2024 | PURCHASE | 130.00 | 347.090 | 28330 | Books |